Interdit de gâcher les munitions - Statistiques

Statistiques générales
  • Ce quiz a été pris 38 fois
  • Le résultat moyen est 110 sur 450
Statistiques - réponses
Mots % Correct
le
86%
Le
86%
à
77%
a
77%
la
74%
là.
74%
il
69%
Il
69%
les
69%
de
63%
Je
63%
je
63%
Et
60%
et
60%
nous
57%
tu
54%
vous
54%
Vous
54%
est
51%
Ce
49%
ce
49%
un
43%
ça,
40%
ça
40%
ça.
40%
me
40%
munitions!
40%
ces
37%
Ces
37%
dès
37%
des
37%
Interdit!
34%
interdit
34%
interdit!
34%
on
34%
On
34%
une
34%
Une
34%
gâcher
31%
pour
31%
Pour
31%
en
29%
En
29%
suis
29%
au
26%
avec
26%
Donc
26%
donc
26%
du
26%
moi,
26%
dans
20%
que
20%
si
20%
toi!
20%
C'est
17%
c'est
17%
va
17%
y
17%
lui,
14%
lui
14%
Lui
14%
pas
14%
pas.
14%
pas,
14%
puis
14%
qui
14%
soir
14%
aller
11%
comme
11%
faire
11%
leur
11%
bien
9%
fait
9%
faut
9%
faut.
9%
faut,
9%
faut!
9%
loin.
9%
mal,
9%
mal.
9%
plus
9%
Quand
9%
quand
9%
toute
9%
Toute
9%
toutes
9%
veut.
9%
après
6%
falloir
6%
j'en
6%
Parce
6%
qu'il
6%
qu'on
6%
rentrer
6%
rien
6%
sait
6%
t'en
6%
tête,
6%
tête.
6%
très
6%
trop
6%
aujourd'hui
3%
aujourd'hui,
3%
aujourd'hui?
3%
ballon
3%
ballon!
3%
Chaque
3%
chaque
3%
chercher
3%
chercher.
3%
chercher,
3%
chez
3%
choses
3%
coeur,
3%
depuis
3%
dernier,
3%
dur
3%
emmener
3%
gagner
3%
joue
3%
joueur
3%
lâche
3%
lâche.
3%
marre
3%
marre!
3%
match,
3%
monde
3%
montre
3%
montrer
3%
montrer.
3%
points.
3%
prendre
3%
putain
3%
rugby
3%
saigne
3%
saison,
3%
s'y
3%
vais
3%
vas
3%
venu
3%
voir
3%
aient
0%
aucune
0%
ballons,
0%
bande
0%
bas.
0%
bas
0%
c'était
0%
chance,
0%
connaître
0%
copains,
0%
couilles,
0%
d'avoir
0%
début
0%
d'entrée,
0%
d'entrée.
0%
D'entrée,
0%
d'entrée
0%
D'entrée
0%
d'être
0%
devant
0%
écoeurer
0%
étouffer,
0%
fais
0%
Gimont
0%
Gimont.
0%
Gimontois.
0%
grave.
0%
grosse
0%
gueule.
0%
Hein,
0%
intouchables,
0%
intouchables!
0%
Jacques,
0%
J'aimerai
0%
j'aimerai
0%
j'arrête
0%
J'espère
0%
joie
0%
Julien
0%
l'ai,
0%
l'ai
0%
laisse
0%
l'an
0%
lancer,
0%
l'après-midi.
0%
l'après-midi,
0%
l'après-midi
0%
l'avez
0%
l'effort
0%
l'envie.
0%
mettre
0%
minute,
0%
monter,
0%
nouveau,
0%
paire
0%
Pareil,
0%
pareil,
0%
perdu
0%
persuadé,
0%
piquer
0%
plaquage,
0%
putains
0%
quasiment
0%
quatre
0%
qu'ils
0%
regrets!
0%
repart
0%
répéter,
0%
s'avancer
0%
seconde
0%
soutien,
0%
suivez
0%
touche
0%
touche,
0%
types,
0%
vu
0%
vu,
0%
Aucun quiz correspondant
Distribution des résultats
% des personnes avec chaque résultat
Percentile par nombre de réponses
Votre historique - résultats
Vous n’avez pas pris ce quiz